Personajes de ¿Quién es la mascara? (MX) - Estadísticas

Estadísticas generales
  • Esta prueba ha sido intentada 148 veces
    30 desde el último reinicio
  • La puntuación promedio es 62 de 127
Estadísticas de respuestas
Respuesta % Correcto
Apache
75%
Disco Ball
75%
Lechuza
75%
Abejorro
50%
Águila
50%
Alebrije
50%
Androide
50%
Avispa
50%
Azul
50%
Balero
50%
Bebé Alien
50%
Bebeee
50%
Bombona
50%
Bot
50%
Brócoli
50%
Búho
50%
Bunch
50%
Cacahuate Enchilado
50%
Cactus
50%
Camaleón
50%
Camilo Mandrilo
50%
Caperuza
50%
Capibara
50%
Caracol
50%
Carnívora
50%
Carritos Chocones
50%
Carro Ñero
50%
Catrina
50%
Cebra
50%
Cerbero
50%
Chepino Langostino
50%
Ciervo
50%
Conejo
50%
Cornelio
50%
Dale Dale
50%
Dálmata
50%
Dientes
50%
Duende
50%
Elefante
50%
Elvestruz
50%
Erik El Roto
50%
Freddy Verdury
50%
Gallo
50%
Geisha
50%
Girasol
50%
Gitana
50%
Graffiti
50%
Hada
50%
Hechicera
50%
Hieny Fer
50%
Hormiga
50%
Huacal
50%
Huesito Peligroso
50%
Huesos
50%
Hueva
50%
Jaguar
50%
Jalapeño
50%
Jocho
50%
José Ramonstruo
50%
Koaláctico
50%
Lele
50%
Leona
50%
Llama
50%
Maestro Bops
50%
Mapache
50%
Maraña
50%
Marciano
50%
María Joacuina
50%
María Ovina
50%
Medusa
50%
Metaliebre
50%
Microfono
50%
Milagrito
50%
Mini Chang
50%
Minotauro
50%
Monsqueeze
50%
Monstruo
50%
Monstruo de las nieves
50%
Namasté
50%
Nocturna
50%
Oso Polar
50%
Panda
50%
Pantera
50%
Pastelito
50%
Pepenador
50%
Perezoso
50%
Perro
50%
Pez
50%
Pixel Boy
50%
Pony
50%
Puercoespunk
50%
Pulpo
50%
Quetzal
50%
Ranastacia
50%
Ratón
50%
Rey Egipcio
50%
Ricardilla
50%
Robotso
50%
Ruby Gloss
50%
Sapo
50%
Sardinas
50%
Shiba Moon
50%
Sirena
50%
Sonaja Chupon y Bebé
50%
Sonny Hámster
50%
Tony Manguera
50%
Tortuga
50%
Triki
50%
Tropi Coco
50%
Tucán
50%
Tutupótama
50%
Venustiano
50%
Zarigüeya
50%
Zombie
50%
Zorro
50%
Alfiletero
25%
Banana
25%
Escoba
25%
Federico García
25%
Gato
25%
Jinete
25%
Kid Bengala
25%
Orni
25%
Samurai
25%
Unicornio
25%
Xolo
25%
No se encontraron pruebas coincidentes
Distribución de puntuación
Porcentaje de gente con cada puntuación
Porcentaje por número respondido
Historial de tus puntuaciones
No has intentado esta prueba desde el último reinicio